Central Library OPAC University of Rajshahi

The age of longing / (Record no. 16921)

MARC details
000 -LEADER
fixed length control field 00662nam a22002411 4500
001 - CONTROL NUMBER
control field 16921
003 - CONTROL NUMBER IDENTIFIER
rucl marc code BD-RjUL
005 - DATE AND TIME OF LATEST TRANSACTION
control field 20211209000051.0
008 - FIXED-LENGTH DATA ELEMENTS--GENERAL INFORMATION
fixed length control field 140215s1951 nyu 000 1 eng
035 ## - SYSTEM CONTROL NUMBER
System control number (BD-RjUL)16977
System control number (OCoLC)908800
040 ## - CATALOGING SOURCE
Original cataloging agency DLC
Transcribing agency NSyU
Modifying agency BD-RjUL
Language of cataloging eng
041 ## - LANGUAGE CODE
Language code of text/sound track or separate title eng
082 04 - DEWEY DECIMAL CLASSIFICATION NUMBER
Edition number 20
Classification number 813.0080372
Author mark and year KOA 1951
100 1# - MAIN ENTRY--PERSONAL NAME
Personal name Koestler, Arthur
Dates associated with a name 1905-1983.
9 (RLIN) 12123
245 14 - TITLE STATEMENT
Title The age of longing /
Statement of responsibility, etc. Arthur Koestler
260 ## - PUBLICATION, DISTRIBUTION, ETC. (IMPRINT)
Place of publication, distribution, etc. New York :
Name of publisher, distributor, etc. Macmillan,
Date of publication, distribution, etc. 1951.
300 ## - PHYSICAL DESCRIPTION
Pagination x, 362 p. ;
Size 22 cm.
650 ## - SUBJECT ADDED ENTRY--TOPICAL TERM
Topical term or geographic name as entry element Utopias -- Fiction.
9 (RLIN) 52235
942 ## - ADDED ENTRY ELEMENTS (KOHA)
Source of classification or shelving scheme Dewey Decimal Classification
Koha item type Books
Holdings
Lost status Source of classification or shelving scheme Damaged status Not for loan Collection code Permanent Location Current Location Shelving location Date acquired Source of acquisition Total Checkouts Full call number Date last seen Copy number Koha item type
  Dewey Decimal Classification   Not For Loan Fiction Central Library, University of Rajshahi Central Library, University of Rajshahi Reading Room 12/02/2058 U. S. I. S.   813.0080372 KOA 1951 15/02/2014 C-1 Books